000 00459nam a2200181Ia 4500
003 GCL
008 140319s9999 xx 000 0 eng d
040 _aGCL /
_cGCL
082 0 4 _a541.369
_bP T
100 1 _aPITZER, KENNETH
245 1 0 _aTHERMODYNAMICS /
_cPITZER, KENNETH
260 _a[S.N] :
_bMC GRAW - HILL ،
_c1995
300 _a626 P
650 0 4 _aTHERMODYNAMICS
650 0 4 _aCHEMISTRY
650 0 4 _aPHYSICAL AND THEORETICAL
942 _2ddc
_cBK
999 _c10481
_d10481